000 00531nam a2200181Ia 4500
008 100920s9999 xx 000 0 und d
082 _b71099
_a15 थ 97
100 _aSHARMA ROBIN S.
245 _aMEGALIVING ! 30 DAYS TO A PERFECT LIFE.
260 _bJAICO PUBLISHING HOUSE, BOMBAY.
_c1997
300 _a163
_bसाधी
365 _b85
520 _aसोशो.
630 _aMEGALIVING ! 30 DAYS TO A PERFECT LIFE.
650 _aसोशो.
730 _aMEGALIVING ! 30 DAYS TO A PERFECT LIFE.
942 _cBOOK
999 _c713032
_d713029